Państwa Azji według granic w 30 sekund - Statystyki

Ogólne statystyki
  • Ten quiz został rozwiązany 77 752 razy
    76 719 od ostatniego zresetowania
  • Średni wynik to 31 z 41
Odpowiedzi na mapie
Odpowiedzi zakodowano w zielono-czerwonej skali na mapie do tego quizu, zgodnie z poniższymi procentami.
 
Statystyki odpowiedzi
Kraj % Poprawnych
Chiny
99%
Indie
97%
Kazachstan
97%
Kirgistan
97%
Mjanma
97%
Pakistan
97%
Bhutan
96%
Nepal
96%
Afganistan
94%
Mongolia
94%
Laos
91%
Irak
90%
Iran
89%
Tadżykistan
89%
Wietnam
89%
Korea Północna
88%
Turcja
88%
Arabia Saudyjska
86%
Armenia
84%
Azerbejdżan
84%
Jordania
81%
Oman
81%
Jemen
79%
Syria
79%
Turkmenistan
79%
Zjednoczone Emiraty Arabskie
78%
Kuwejt
75%
Malezja
69%
Gruzja
66%
Katar
66%
Uzbekistan
65%
Indonezja
63%
Tajlandia
58%
Timor Wschodni
56%
Kambodża
55%
Bangladesz
54%
Sri Lanka
51%
Izrael
49%
Liban
47%
Korea Południowa
31%
Brunei
22%
Nie znaleziono quizów pasujących do podanych kryteriów
Rozkład punktacji
Procent ludzi z każdym wynikiem
Percentyl według liczby udzielonych odpowiedzi
Twoja historia wyników
Nie rozwiązałeś tego quizu od ostatniego zresetowania